Tori Kelly's Songs - Statistics

General Stats
  • This quiz has been taken 93 times
    32 since last reset
  • The average score is 33 of 78
Answer Stats
Song % Correct
Dear No One
85%
Unbreakable Smile
85%
Paper Hearts
75%
Confetti
70%
Nobody Love
70%
Coffee
65%
City Dove
60%
Never Alone
60%
Should've Been Us
60%
Change Your Mind
55%
Don't Take Me Home
55%
Eyelashes
55%
Just As Sure
55%
Psalm 42
55%
Soul's Anthem (It Is Well)
55%
Sunday
55%
Unbothered
55%
25th
50%
All In My Head
50%
Daydream
50%
Funny (Live)
50%
Glad
50%
I Was Made For Loving You
50%
Masterpiece
50%
Questions
50%
Value
50%
Actress
45%
alive if i die
45%
Before The Dawn
45%
Celestial
45%
Expensive
45%
Help Us To Love
45%
missin u
45%
Talk
45%
thing u do
45%
Time Flies
45%
Treasure
45%
Where I Belong (Intro)
45%
2 Places
40%
Anyway
40%
California Lovers
40%
cut
40%
Language
40%
Let It Snow
40%
oceans
40%
Rocket
40%
shine on
40%
spruce (feat. KIM CHAEWON of LE SSERAFIM)
40%
Upside Down
40%
young gun (feat. Jon Bellion)
40%
Art Of Letting You Go
35%
diamonds
35%
First Heartbreak
35%
Joy To The World / Joyful, Joyful
35%
Pretty Fades
35%
same girl
35%
shelter
35%
Silent Night
35%
Sorry Would Go A Long Way
35%
The Lie
35%
unbelievable (feat. Ayra Starr)
35%
Your Words
35%
high water
30%
Kid I Used To Know
30%
O Holy Night
30%
purple skies interlude
30%
Stained
30%
Until I Think Of You
30%
Elf Interlude
25%
Christmas Time Is Here
20%
Falling Slow
20%
Gift That Keeps On Giving
20%
Go Tell It On The Mountain
20%
Hallelujah - From "Sing" Original Motion Picture Soundtrack
20%
missin u - r&b edit
20%
This Christmas
20%
O Come, O Come Emmanuel / O Come All Ye Faithful
15%
Sleigh Ride
15%
No matching quizzes found
Score Distribution
Percent of People with Each Score
Percentile by Number Answered
Your Score History
You have not taken this quiz since the last reset